|
|
|
|
| LEADER |
00000nab a2200000 a 4500 |
| 001 |
vtls000440941 |
| 003 |
SK-MaSNL |
| 005 |
20260303134317.0 |
| 008 |
230217c1991 xo 0 slo |
| 015 |
|
|
|a SNBRB19rr/mm-uuuuu
|
| 035 |
|
|
|a CL0441071
|
| 035 |
|
|
|a urn:nbn:sk:snk-abaht
|
| 035 |
|
|
|a (urnnbn)urn:nbn:sk:snk:ar-0060ww
|
| 035 |
|
|
|a (uuid)ede3edc0-5854-4862-8b9c-6707a551f264
|
| 040 |
|
|
|a SNKBUCL
|b slo
|c SNKBUCL
|e AACR2
|
| 041 |
0 |
|
|a slo
|
| 044 |
|
|
|a xo
|c SK
|
| 080 |
|
|
|a 943.9-051"13/14"
|2 1981
|
| 080 |
|
|
|a 929.7
|2 1981
|
| 080 |
|
|
|a 929 Stibor zo Stiboríc
|2 1981
|
| 100 |
1 |
|
|a Dvořáková, Daniela,
|d 1965-
|4 aut
|9 103354
|
| 245 |
1 |
0 |
|a Tyran či dobrodinec?
|b Stibor zo Stiboríc
|c Daniela Dvořáková ; Stibor zo Stiboríc
|
| 300 |
|
|
|b Obr. 1.
|
| 600 |
0 |
7 |
|a Stibor zo Stiboríc,
|c I.,
|d 1347-1414
|2 snkbucl
|9 196960
|
| 655 |
|
7 |
|a články z novín a časopisov
|2 snkbucl
|9 267496
|
| 773 |
0 |
|
|t Historická revue
|g Roč. 2, č. 8 (1991), s. 5-6
|
| 850 |
|
|
|a Slovenská národná knižnica v Martine
|a MTA001
|
| 852 |
|
|
|a SNK
|b KIS3GCP
|
| 954 |
|
|
|a odborná, vedecká literatúra pôvodná (slovenská)
|2 lita
|
| 958 |
|
|
|a RK
|
| 958 |
|
|
|a OND
|
| 958 |
|
|
|a EUIPO
|
| 958 |
|
|
|a article27
|
| 992 |
|
|
|a RBX
|
| 999 |
|
|
|c 1960421
|d 1962351
|